| 000 | 00465nam a2200169Ia 4500 | ||
|---|---|---|---|
| 003 | IN-BaIIA | ||
| 008 | 211028s9999 xx 000 0 eng d | ||
| 040 | _cIIA Library | ||
| 080 |
_a510 _bHUT |
||
| 100 |
_aHutton, Charles _91491 |
||
| 245 | 0 |
_aTracts on mathematical and philosophical subjects _bvol. II _cCharles Hutton |
|
| 260 |
_aLondon _bF.G and J. Rivington _c1812 |
||
| 300 | _a384p. | ||
| 650 |
_aMathematics _982 |
||
| 650 |
_aPhilosophy _9445 |
||
| 942 | _cBK | ||
| 999 |
_c696 _d696 |
||